000 00605nam a2200229 i 4500
001 C2-0237218
003 PPAK
005 20180727200804.0
008 011205s1933 nyu |||| ||||| | eng d
040 _aPPAK
_beng
_cPPAK
_erda
082 0 4 _a823
_223
090 0 0 _a823
_bGAR
_dKSI
100 1 _aGardner, Erle Stanley,
_eauthor
245 1 4 _aThe case of the Velvet Claws
264 1 _aNew York :
_bPocket Books ,
_c1933
300 _a193 pages ;
_c16 cm
336 _2rdacontent
_atext
337 _2rdamedia
_aunmediated
338 _2rdacarrier
_avolume
650 1 0 _aMalay fiction
942 _ddc
_cB
999 _c52911
_d52911